Team della Piston Cup di Cars 1 - Statistics

Statistiche generali
  • Questo quiz è stato fatto 64 volte
  • Il punteggio medio è 12 su 36
Statistiche sulle risposte
Numero Colore Pilota Team % Corretto
43 🔵🟠⚪️ Strip Weathers Dinoco
93%
95 🔴🔴🟡 Saetta McQueen Rust-eze
88%
84 ⚪️⚪️⚪️ Mac iCar Apple
69%
86 🟢🟢🟡 Chick Hicks HTB
53%
52 🟡⚫️⚪️ Claude Scruggs Leak Less
53%
64 🟡🟡🔵 Winford Bradford Rutherford RPM
51%
28 ⚫️⚫️🟠 Aiken Axler Nitroade
47%
123 🔴🔴⚫️ Todd Marcus No Stall
41%
61 🟢⚪️🟢 James Cleanair Vitoline
39%
51 🔵⚫️⚪️ Ruby Oaks Easy Idle
36%
33 🔵🔵⚪️ Chuck Armstrong Mood Springs
34%
82 🟢🟡🟢 Darren Leadfoot Shiny Wax
29%
92 🟢🟠⚪️ Murray Clutchburn Sputter Stop
29%
63 🟣🟣🟡 Lee Revkins Transberry Juice
29%
34 ⚫️🟢⚫️ Dirkson D'Agostino Trunk Fresh
29%
39 🔵⚪️⚪️ Ryan Shields View Zeen
29%
58 🟠🟡⚫️ Billy Oilchanger Octane Gain
25%
73 🔵🔵🟠 Misti Motorkrass Rev-N-Go
25%
36 🟣⚪️⚪️ Eugene Carbureski Tank Coat
25%
4 🟣⚪️🟡 Rusty Cornfuel Tow Cap
25%
80 🔵🔴🟡 Sage VanDerSpin Gask-its
24%
35 🟣🟡🔴 Kevin Racingtire Shifty Drug
24%
90 🔵⚪️🟠 Ponchy Wipeout Bumper Save
22%
56 🟠🟠🟡 Brush Curber Fiber Fuel
22%
68 🟣🟣🟢 Manny Flywheel N2O Cola
22%
121 🔵🟢⚪️ Kevin Shiftright Clutch Aid
20%
8 🔴🔴⚫️ Dale Earnhardt Jr. Dale Earnhardt Inc.
20%
70 🔵🟡🔵 Floyd Mulvihill Gasprin
20%
84 ⚪️🔴⚫️ Davey Apex Re-Volting
20%
101 🟤⚪️🟤 Greg Candyman Tach-O-Mint
20%
76 🟣⚫️⚪️ Crusty Rotor Vinyl Toupee
20%
79 🟣🔵🟣 Haul Inngas Retread
19%
74 🟡⚫️🟡 Slider Petrolski Sidewall Shine
19%
93 🔵🟢🔵 Ernie Gearson Spare Mint
17%
54 🔵🟢🟡 Johnny Blamer Faux Wheel Drive
15%
117 🔵⚪️🔴 Ralph Carlow Lil' Torquey Pistons
14%
Nessun quiz corrispondente trovato
Distribuzione punteggi
Percentuale di utenti per punteggio
Percentile per numero di risposta
I tuoi punteggi nel tempo
Non hai fatto questo quiz